• 首页
  • 本馆介绍
  • 公告通知
  • 最新文献
  • 馆藏检索
  • 电子资源
  • 读者导购
  • 参考咨询
  • 我的图书馆
  • 登录
  • 详细信息显示
  • 放入我的书架
  • 预约/预借图书
  • 作者相关作品
  • 分类相关作品
  • 丛书相关作品
  • 出版社相关作品

书目信息

  • 表格格式
  • 工作单格式
  • 卡片格式
题名:
同步辐射光源及其应用
    
 
作者: 麦振洪 著
分册: 上册  
出版信息: 北京   科学出版社  2013.03
页数: 17,549页
开本: 25cm
丛书名: 现代物理基础丛书
单 册:
中图分类: TL54
科图分类:
主题词: 同步辐射--加速器 , 同步辐射 , 加速器
电子资源:
ISBN: 978-7-03-036458-6
000 01307oam2 2200301 450
001 012013047885
005 20170418142737.04
010    @a978-7-03-036458-6@b精装@dCNY168.00
100    @a20130407d2013 em y0chiy50 ea
101 0  @achi
102    @aCN@b110000
105    @aa z 001yy
106    @ar
200 1  @a同步辐射光源及其应用@9tong bu fu she guang yuan ji qi ying yong@h上册@f麦振洪等著
210    @a北京@c科学出版社@d2013.03
215    @a17,549页@c图@d25cm
225 2  @a现代物理基础丛书@v50
300    @a国家科学技术学术著作出版基金资助出版
330    @a本书全面介绍同步辐射的产生、性质、加速器、光束线和实验方法、数据分析、应用实例以及国际发展趋势。全书共分19章:前4章介绍同步辐射装置,主要包括同步辐射源、同步辐射产生原理、同步辐射装置光路和同步辐射探测器。第5-19章介绍同步辐射实验方法,主要包括国内三个同步辐射装置目前已有的部分光束线站、实验方法及应用实例。
333    @a从事材料科学、生命科学、环境科学、物理学、化学、医药学、地质学等学科领域的高等院校和科研院所教师、科研人员和工程技术人员及研究生
461  0 @12001 @a现代物理基础丛书@v50@a1701 0@a杨国桢@4主编
606 0  @a同步辐射@x加速器
606 0  @a同步辐射
606 0  @a加速器
690    @aTL54@v5
701  0 @a麦振洪@9mai zhen hong@4著
801  0 @aCN@b人天书店@c20130407
905    @b984857-59@dTL54@e36:1@f3
    
    同步辐射光源及其应用.上册/麦振洪等著.-北京:科学出版社,2013.03
    17,549页:图;25cm.-(现代物理基础丛书;50)
    国家科学技术学术著作出版基金资助出版.-使用对象:从事材料科学、生命科学、环境科学、物理学、化学、医药学、地质学等学科领域的高等院校和科研院所教师、科研人员和工程技术人员及研究生
    
    ISBN 978-7-03-036458-6(精装):CNY168.00
    本书全面介绍同步辐射的产生、性质、加速器、光束线和实验方法、数据分析、应用实例以及国际发展趋势。全书共分19章:前4章介绍同步辐射装置,主要包括同步辐射源、同步辐射产生原理、同步辐射装置光路和同步辐射探测器。第5-19章介绍同步辐射实验方法,主要包括国内三个同步辐射装置目前已有的部分光束线站、实验方法及应用实例。
●
相关链接 在E读中查询图书 在五车中查询图书 在当当中查询图书 在豆瓣中查询图书


正题名:同步辐射光源及其应用     索取号:TL54/36:1         预约/预借

序号 登录号 条形码 馆藏地/架位号 状态 备注
1 984857   209848575   第二样本阅览室/ [索取号:TL54/36:1] 在馆    
2 984858   209848584   第三借阅区/ [索取号:TL54/36:1] 在馆    
3 984859   209848593   第三借阅区/ [索取号:TL54/36:1] 在馆    
唐山师范学院图书馆 欢迎您!
大连网信软件有限公司© 版权所有